Organic Reaction Mechanisms (Record no. 39984)

MARC details
000 -LEADER
fixed length control field 00432nam a2200133Ia 4500
008 - FIXED-LENGTH DATA ELEMENTS--GENERAL INFORMATION
fixed length control field 211109s9999||||xx |||||||||||||| ||und||
082 ## - DEWEY DECIMAL CLASSIFICATION NUMBER
Classification number 547
Item number BAN-O
100 ## - MAIN ENTRY--PERSONAL NAME
Personal name Bansal, Raj K
245 #0 - TITLE STATEMENT
Title Organic Reaction Mechanisms
260 ## - PUBLICATION, DISTRIBUTION, ETC.
Name of publisher, distributor, etc. Tata Mc Graw-Hill Publishing Company
Place of publication, distribution, etc. New Delhi
Date of publication, distribution, etc. 1986
630 ## - SUBJECT ADDED ENTRY--UNIFORM TITLE
General subdivision GENERAL STACK
650 ## - SUBJECT ADDED ENTRY--TOPICAL TERM
Topical term or geographic name entry element Natural Science & mathematics
942 ## - ADDED ENTRY ELEMENTS (KOHA)
Koha item type BOOK
650 ## - SUBJECT ADDED ENTRY--TOPICAL TERM
Form subdivision Chemistry & allied science
General subdivision Organic chemistryChemistry
Holdings
Withdrawn status Lost status Damaged status Not for loan Home library Current library Date acquired Cost, normal purchase price Total Checkouts Full call number Barcode Shelving location Date last seen Price effective from Koha item type
        SB LIBRARY SB LIBRARY 09/11/2021 50.00   547 BAN-O 00081554 GENERAL STACK 09/11/2021 09/11/2021 BOOK

Powered by Koha